| Tag |
First Indicator |
Second Indicator |
Subfields |
| LEADER |
00000nam a2200000 i 4500 |
| 001 |
in00005502321 |
| 006 |
m o d f |
| 007 |
cr ||||||||||| |
| 008 |
240701s2024 dcu oz f000 0 eng c |
| 005 |
20241004205403.2 |
| 035 |
|
|
|a (OCoLC)on1443191508
|
| 040 |
|
|
|a GPO
|b eng
|e rda
|e pn
|c GPO
|d MvI
|
| 042 |
|
|
|a pcc
|
| 043 |
|
|
|a n-us---
|a popl---
|
| 049 |
|
|
|a WWW
|
| 074 |
|
|
|a 0899-A-01 (online)
|
| 086 |
0 |
|
|a S 9.10:24-315
|
| 130 |
0 |
|
|a Agreement between the Government of the United States of America and the Government of the Republic of Palau Resulting from the 2023 Compact of Free Association Section 432 Review
|d (2023 May 22)
|0 https://id.loc.gov/authorities/names/no2024072294
|
| 245 |
1 |
0 |
|a Regional issues :
|b Compact of Free Association, Section 432 review : agreement between the United States of America and Palau, with appendices and exchange of notes, signed at Port Moresby May 22, 2023 ; entered into force March 15, 2024.
|
| 246 |
3 |
0 |
|a Agreement between the United States of America and Palau, with appendices and exchange of notes, signed at Port Moresby May 22, 2023 ; entered into force March 15, 2024
|
| 264 |
|
1 |
|a [Washington, D.C.] :
|b United States Department of State,
|c [2018?]
|
| 300 |
|
|
|a 1 online resource (approximately 24 pages).
|
| 336 |
|
|
|a text
|b txt
|2 rdacontent
|
| 337 |
|
|
|a computer
|b c
|2 rdamedia
|
| 338 |
|
|
|a online resource
|b cr
|2 rdacarrier
|
| 490 |
1 |
|
|a Treaties and other international acts series ;
|v 24-315
|
| 588 |
|
|
|a Description based on online resource; title from PDF title page (U.S. Department of State web site, viewed July 1, 2024).
|
| 500 |
|
|
|a GPO Cataloging Record Distribution Program (CRDP).
|
| 650 |
|
0 |
|a Economic assistance, American
|z Palau.
|
| 655 |
|
7 |
|a Treaties.
|2 lcgft
|0 https://id.loc.gov/authorities/genreForms/gf2011026707
|
| 710 |
1 |
|
|a United States.
|b Department of State,
|0 https://id.loc.gov/authorities/names/n80126198
|e issuing body.
|
| 710 |
1 |
|
|a Palau,
|0 https://id.loc.gov/authorities/names/n81107795
|e participant in treaty.
|
| 710 |
1 |
|
|a United States,
|0 https://id.loc.gov/authorities/names/n78095330
|e participant in treaty.
|
| 830 |
|
0 |
|a Treaties and other international acts series ;
|0 https://id.loc.gov/authorities/names/n84731555
|v 24-315.
|
| 856 |
4 |
0 |
|u https://purl.fdlp.gov/GPO/gpo230749
|t 0
|
| 999 |
f |
f |
|s 29d0ad4b-cba5-4306-b685-24a30faf791b
|i 5e03bc32-e81b-4603-999c-1a43ef0893a0
|t 0
|
| 952 |
f |
f |
|a Texas A&M University
|b College Station
|c Electronic Resources
|d Available Online
|t 0
|e S 9.10:24-315
|h Superintendent of Documents classification
|
| 998 |
f |
f |
|a S 9.10:24-315
|t 0
|l Available Online
|